NBA 2006 Playoffs Starters - Statistics

General Stats
  • This quiz has been taken 641 times
    598 since last reset
  • The average score is 41 of 80
Answer Stats
Team Player % Correct
Cavaliers LeBron James
98%
Heat Shaquille O'Neal
98%
Heat Dwyane Wade
97%
Lakers Smush Parker
96%
Suns Steve Nash
96%
Spurs Tim Duncan
96%
Spurs Tony Parker
96%
Pistons Ben Wallace
95%
Nets Jason Kidd
95%
Lakers Kobe Bryant
95%
Mavericks Dirk Nowitzki
94%
Pistons Rasheed Wallace
94%
Pistons Chauncey Billups
93%
Grizzlies Pau Gasol
93%
Spurs Manu Ginobili
88%
Pacers Jermaine O'Neal
87%
Heat Jason Williams
85%
Pistons Richard Hamilton
85%
Nuggets Carmelo Anthony
84%
Wizards Gilbert Arenas
81%
Kings Brad Miller
79%
Nuggets Andre Miller
78%
Cavaliers Zydrunas Ilgauskas
78%
Suns Shawn Marion
75%
Nets Vince Carter
74%
Pistons Tayshaun Prince
73%
Heat Udonis Haslem
73%
Kings Ron Artest
70%
Kings Mike Bibby
65%
Mavericks Jason Terry
63%
Nets Richard Jefferson
63%
Spurs Bruce Bowen
62%
Pacers Anthony Johnson
61%
Bulls Malik Allen
61%
Lakers Lamar Odom
60%
Pacers Stephen Jackson
59%
Bucks Michael Redd
58%
Clippers Elton Brand
57%
Wizards Antawn Jamison
54%
Heat Antoine Walker
52%
Wizards Caron Butler
50%
Grizzlies Eddie Jones
50%
Bulls Kirk Hinrich
49%
Bulls Ben Gordon
48%
Lakers Kwame Brown
48%
Mavericks Josh Howard
47%
Nuggets Marcus Camby
43%
Suns Boris Diaw
39%
Cavaliers Larry Hughes
38%
Grizzlies Shane Battier
36%
Bucks Andrew Bogut
34%
Cavaliers Drew Gooden
33%
Suns Tim Thomas
32%
Mavericks Devin Harris
30%
Spurs Robert Horry
30%
Clippers Sam Cassell
30%
Clippers Chris Kaman
29%
Suns Raja Bell
29%
Cavaliers Eric Snow
27%
Nets Jason Collins
25%
Wizards Brendan Haywood
24%
Pacers Danny Granger
23%
Lakers Luke Walton
20%
Mavericks DeSagana Diop
15%
Clippers Cuttino Mobley
13%
Pacers Jeff Foster
13%
Bucks T.J. Ford
10%
Bulls Andrés Nocioni
8%
Nets Nenad Krstić
8%
Bucks Bobby Simmons
7%
Kings Bonzi Wells
7%
Grizzlies Chucky Atkins
5%
Nuggets Eduardo Nájera
5%
Bucks Jamaal Magloire
5%
Wizards Jared Jeffries
5%
Clippers Quinton Ross
5%
Nuggets Greg Buckner
3%
Grizzlies Jake Tsakalidis
3%
Bulls Mike Sweetney
2%
Kings Kenny Thomas
1%
No matching quizzes found
Score Distribution
Percent of People with Each Score
Percentile by Number Answered
Your Score History
You have not taken this quiz since the last reset